Statystyki dla Najwięcej występów w belgijskiej reprezentacji piłki nożnej

Kliknij tutaj aby rozwiązać quiz!

Ogólne statystyki

  • Ten quiz został rozwiązany 344 razy
    (165 od ostatniego zresetowania)
  • Średni wynik to 3 z 11

Statystyki odpowiedzi

Lp.ZawodnikLiczba występów% Poprawnych
3.Eden Hazard102
91%
7.Vincent Kompany89
63%
1.Jan Vertonghen114
54%
6.Toby Alderweireld92
39%
2.Axel Witsel103
34%
8.Marouane Fellaini87
25%
11.Enzo Scifo84
9%
4.Jan Ceulemans96
5%
9.Franky Van der Elst86
2%
5.Timmy Simons94
2%
9.Eric Gerets86
1%

Rozkład punktacji

Percentyl według liczby udzielonych odpowiedzi

Procent ludzi z każdym wynikiem

Twoja historia wyników

Nie rozwiązałeś tego quizu od ostatniego zresetowania